Países con mayoría cristiana - Estadísticas

Estadísticas generales
  • Esta prueba ha sido intentada 55 veces
  • La puntuación promedio es 33 de 62
Estadísticas de respuestas
% País % Correcto
90 Brasil
88%
92 Colombia
88%
88,9 México
88%
100 Ciudad del Vaticano
85%
94 Ecuador
85%
83 Italia
85%
82 Costa Rica
82%
92 Panamá
82%
87 Guatemala
79%
88 Honduras
79%
94,5 Perú
79%
88 Venezuela
79%
81,9 El Salvador
76%
84,6 Nicaragua
76%
84,8 Portugal
73%
91,6 San Marino
73%
92,2 Polonia
70%
96 Paraguay
67%
83 República Dominicana
67%
89 Bolivia
64%
96 Haití
64%
89,5 Andorra
61%
91,6 Malta
61%
82,6 Mónaco
61%
90,7 República del Congo
58%
92 República Democrática del Congo
58%
83,8 Irlanda
55%
85,3 Sudáfrica
55%
87,4 Croacia
52%
93 Grecia
52%
88,7 Guinea Ecuatorial
52%
85,5 Kenia
52%
84,4 Liechtenstein
52%
98 Rumanía
52%
95 Bahamas
48%
93,6 Ruanda
48%
91 Serbia
48%
88,7 Dominica
45%
85,3 Filipinas
45%
85 Madagascar
45%
90 Namibia
42%
80 República Centroafricana
42%
90 Lesoto
39%
85,5 Liberia
39%
95,5 Zambia
39%
82,7 Esuatini
36%
87 Zimbabue
36%
89,1 Cabo Verde
33%
88 Gabón
33%
97,3 Granada
33%
80 Letonia
30%
91,8 Moldavia
30%
94,7 Seychelles
30%
97,9 Armenia
27%
88,1 Georgia
27%
99,6 Timor Oriental
27%
95,4 Micronesia
24%
81 Tonga
21%
97,5 Islas Marshall
18%
97,5 Islas Salomón
18%
97 Papúa Nueva Guinea
18%
81,9 Ukraine
3%
No se encontraron pruebas coincidentes
Distribución de puntuación
Porcentaje de gente con cada puntuación
Porcentaje por número respondido
Historial de tus puntuaciones
No has intentado esta prueba.